Statistics for Countries of Africa that have a city with over 1 million people

Click here to take the quiz!

General Stats

  • This quiz has been taken 84 times
  • The average score is 36 of 38

Answer Stats

Answer% Correct
Democratic Republic of the Congo
100%
Morocco
100%
South Africa
100%
Algeria
99%
Niger
99%
Nigeria
99%
Republic of the Congo
99%
Egypt
97%
Zambia
97%
Libya
96%
Madagascar
96%
Sudan
96%
Tanzania
96%
Angola
95%
Cameroon
95%
Ghana
95%
Kenya
95%
Mali
95%
Tunisia
95%
Zimbabwe
95%
Ethiopia
94%
Mozambique
94%
Somalia
94%
Guinea
92%
Uganda
92%
Chad
91%
Rwanda
91%
Benin
90%
Côte d'Ivoire
90%
Malawi
90%
Senegal
90%
Togo
88%
Burkina Faso
87%
Eritrea
87%
Mauritania
87%
Sierra Leone
87%
Liberia
86%
Burundi
85%

Score Distribution

Percentile by Number Answered

Percent of People with Each Score

Your Score History

You have not taken this quiz